Schengen Area Map Quiz - Statistics

General Stats
  • This quiz has been taken 63 times
  • The average score is 24 of 26
Answers on the Map
Answers color-coded by a green-red scale on the quiz's map according to % correct below.
 
Answer Stats
Answer % Correct
Belgium
98%
Italy
96%
Malta
96%
Portugal
96%
Switzerland
96%
Czechia
94%
Denmark
94%
France
94%
Germany
94%
Spain
94%
Estonia
92%
Netherlands
92%
Poland
92%
Austria
90%
Finland
90%
Iceland
90%
Norway
90%
Sweden
90%
Greece
88%
Hungary
88%
Latvia
88%
Liechtenstein
88%
Lithuania
88%
Luxembourg
88%
Slovakia
88%
Slovenia
88%
No matching quizzes found
Score Distribution
Percent of People with Each Score
Percentile by Number Answered
Your Score History
You have not taken this quiz